Welcome to the Holygrace Academy Library

Please use search bar below to get started

A FINAL COURSE IN GRAMMAR AND COMPOSITION (Record no. 8859)

MARC details
000 -LEADER
fixed length control field 00316nam a22001097a 4500
082 ## - DEWEY DECIMAL CLASSIFICATION NUMBER
Classification number 425
Item number WRE/F
100 ## - MAIN ENTRY--AUTHOR NAME
Personal name WREN, P C
245 ## - TITLE STATEMENT
Title A FINAL COURSE IN GRAMMAR AND COMPOSITION
246 ## - VARYING FORM OF TITLE
Title proper/short title A FINAL COURSE IN GRAMMAR AND COMPOSITION
Remainder of title A FINAL COURSE IN GRAMMAR AND COMPOSITION
650 ## - SUBJECT ADDED ENTRY--TOPICAL TERM
Topical Term ENGLISH GRAMMAR
942 ## - ADDED ENTRY ELEMENTS (KOHA)
Koha item type Books
Holdings
Withdrawn status Lost status Collection code Home library Current library Date acquired Full call number Accession Number Koha item type
  Lost Reference Main Library Main Library 06/08/2024 425 WRE/F 00837 Books